The Economics of Natural Environments / Studies in the Valuation of Commodity and Amenity Resources (Record no. 4058)
[ view plain ]
| 000 -LEADER | |
|---|---|
| fixed length control field | 01418cam a22002054a 4500 |
| 005 - ΗΜΕΡΟΜΗΝΙΑ ΚΑΙ ΩΡΑ ΤΕΛΕΥΤΑΙΑΣ ΕΝΗΜΕΡΩΣΗΣ | |
| Πεδίο ελέγχου | 20250605164135.0 |
| 008 - FIXED-LENGTH DATA ELEMENTS--GENERAL INFORMATION | |
| Πεδίο ελέγχου σταθερού μήκους | 250528s ||||||||||||||||||||||||d |
| 035 ## - SYSTEM CONTROL NUMBER | |
| System control number | 18739 |
| 020 ## - ISBN | |
| ISBN | 801816998 |
| 040 ## - ΠΗΓΗ ΚΑΤΑΛΟΓΟΓΡΑΦΗΣΗΣ | |
| Φορέας πρωτότυπης καταλογογράφησης | MC Athens Campus Library |
| Γλώσσα καταλογογράφησης | Ελληνικά, Μοντέρνα (1453-) |
| Modifying agency | MC Athens Campus Library |
| Κανόνες περιγραφικής καταλογογράφησης | AACR2 |
| 245 1# - ΤΙΤΛΟΣ ΚΑΙ ΔΗΛΩΣΗ ΥΠΕΥΘΥΝΟΤΗΤΑΣ | |
| Τίτλος | The Economics of Natural Environments / Studies in the Valuation of Commodity and Amenity Resources |
| 260 ## - PUBLICATION, DISTRIBUTION, ETC. | |
| Name of publisher, distributor, etc. | The John Hopkins University Press, |
| Date of publication, distribution, etc. | 1975 |
| 300 ## - PHYSICAL DESCRIPTION | |
| Extent | 300 |
| 520 ## - SUMMARY, ETC. | |
| Summary, etc. | Preface, Acknowledgements, Institutional and Theoretical Considerations, Managing Natural Environments, Externalities and Property Rights and Valuation of Resources on the Public Lands, Irreversibility and the Optimal Use of Natural Environments, Further Analysis of Irreversibility: Discounting and Intergenerational Transfers and Uncertainty, Applying the Analysis: Selected Case Studies, Hells Canyon: Asymmetric Implications of Technical Change for Value of Alternative Uses, Hells Canyon Continued: Evaluation of Environmental Costs, The White Cloud Peaks: Wilderness Recreation or Mine-Mill Operations?, Mineral King Valley: Demand Theory and Resource Valuation, Allocation of Prairie Wetlands, The Trans-Alaska Pipeline: Environmental Consequences and Alternatives, Summary and Conclusions and Policy Recommendations, Index. |
| 700 1# - ΠΡΟΣΘΕΤΗ ΑΝΑΓΡΑΦΗ--ΦΥΣΙΚΟ ΠΡΟΣΩΠΟ | |
| Personal name | Fisher Anthony C |
| 9 (RLIN) | 4991 |
| 700 1# - ΠΡΟΣΘΕΤΗ ΑΝΑΓΡΑΦΗ--ΦΥΣΙΚΟ ΠΡΟΣΩΠΟ | |
| Personal name | Krutilla John V |
| 9 (RLIN) | 4992 |
| 942 ## - ADDED ENTRY ELEMENTS (KOHA) | |
| Koha item type | Books |
| Τύπος τεκμηρίου | Βιβλιοθήκη | Τρέχουσα τοποθεσία | Barcode | Αριθμός εισαγωγής | Ημερομηνία απόκτησης | Ταξιθετικό σύμβολο | Αριθμός αντιτύπου | Κατάσταση απόσυρσης | Κατάσταση χαμένου | Κατάσταση κατεστραμμένου | Μη δανεισμός | Σύνολο δανεισμών | Ημερομηνία τελευταίας εμφάνισης | Η τιμή ισχύει από |
|---|---|---|---|---|---|---|---|---|---|---|---|---|---|---|
| Books | MC Athens Campus Library | MC Athens Campus Library | 9780000040572 | 3649 | 05/06/2025 | 333.7/0973 KRU | 1 | 05/06/2025 | 05/06/2025 |